| 000 | 00722nam a2200253 4500 | ||
|---|---|---|---|
| 003 | OSt | ||
| 005 | 20260530115309.0 | ||
| 008 | 260506b1996 xxua|||| |||| 00| 0 eng d | ||
| 020 | _a1564963012 | ||
| 040 |
_aICI _bspa _cICI |
||
| 041 | _aeng | ||
| 050 |
_aNA2850 _bG74 1996 |
||
| 100 | 1 |
_aBorton, Diane, _eEditor _932599 |
|
| 245 | 1 | 0 |
_a Great store design 2 / _cDiane Borton. |
| 264 | 1 |
_bMassachusetts: _cRockport Publishers, _a1996 |
|
| 300 |
_a153 páginas: _bilustraciones |
||
| 336 |
_atexto _2rdacontent |
||
| 337 |
_asin medio _2rdamedia |
||
| 338 |
_avolumen _2rdacarrier |
||
| 650 | 4 | _aStore decoration | |
| 650 | 4 |
_aCommercial architecture. _932601 |
|
| 650 | 4 | _aInterior architecture | |
| 942 |
_2lcc _cBK _n1 |
||
| 999 |
_c13276 _d13276 |
||